| 000 | 01648pam a2200325 a 4500 | ||
|---|---|---|---|
| 001 | 1053888 | ||
| 005 | 19910604094409.1 | ||
| 008 | 900412s2006 enkabf |rb 001 0 eng | ||
| 010 | _a 90036665 | ||
| 020 | _a1844801322 | ||
| 020 | _a9781844801329 | ||
| 040 |
_aDLC _cDLC _dDLC _dDLC |
||
| 050 | 0 | 0 |
_aHF1416 _b.D34 1991 |
| 082 | 0 | 0 |
_a658.848 _222 _bMUH |
| 100 | 1 |
_aMuhlbacher, Hans _923748 |
|
| 245 | 1 | 0 |
_aInternational Marketing : _bA Global Perspective / _cHans Muhlbacher, Hemuth Leihs &Lee D. Dahringer |
| 250 | _a3rd ed. | ||
| 260 |
_aReading, Mass. : _bThomson, 2006 _c2006 |
||
| 300 |
_a737 p. : _bill. (some col.), maps ; _c24 cm. |
||
| 504 | _aIncludes bibliographical references and indexes. | ||
| 650 | 0 |
_aExport marketing _xManagement. _923751 |
|
| 653 |
_bBus _cApril2011 |
||
| 700 | 1 |
_aLeihs, Helmuth _d1949- _923749 |
|
| 700 | 1 |
_aDahringer, Lee _d1949- _923750 |
|
| 942 |
_2ddc _cBB |
||
| 999 |
_c15266 _d15266 |
||